[Event "Mondariz zt 1.1"]
[Site "Mondariz"]
[Date "2000.09.12"]
[Round "9"]
[White "Reinderman, Dimitri"]
[Black "Bauer, Christian"]
[Result "1/2-1/2"]
[WhiteElo "2551"]
[BlackElo "2562"]
[EventDate "2000.09.03"]
[PlyCount "49"]

1.e4 c6 2.d4 d5 3.exd5 cxd5 4.c4 Nf6 5.Nc3 e6 6.Nf3 Bb4 7.Bd3 dxc4 8.Bxc4 
O-O 9.O-O a6 10.Bg5 b5 11.Bb3 Bb7 12.Qe2 Bxc3 13.bxc3 Nbd7 14.Ne5 Qc7 15.
Nxd7 Nxd7 16.Qg4 Kh8 17.Rfe1 Rfe8 18.Re3 Nf8 19.Rae1 Qd7 20.Rg3 Bd5 21.Bc2
f5 22.Qh5 Kg8 23.Bb1 Rac8 24.h4 Qf7 25.Qd1 1/2-1/2

[Event "Mondariz zt 1.1"]
[Site "Mondariz"]
[Date "2000.09.12"]
[Round "9"]
[White "San Segundo Carrillo, Pablo"]
[Black "Van den Doel, Erik"]
[Result "0-1"]
[WhiteElo "2500"]
[BlackElo "2547"]
[EventDate "2000.09.03"]
[PlyCount "44"]

1.Nf3 d5 2.d4 c5 3.c4 dxc4 4.d5 e6 5.e4 exd5 6.exd5 Nf6 7.Bxc4 Bd6 8.O-O 
O-O 9.h3 a6 10.a4 Bf5 11.Nc3 Nbd7 12.Nh4 Bg6 13.Bg5 Re8 14.Nxg6 hxg6 15.
Qd2 Qc7 16.Rfe1 Be5 17.Rad1 Qd6 18.Be3 Re7 19.b3 Rae8 20.Rf1 Nh5 21.Bg5 f6
22.Be3 Bh2+ 0-1

[Event "Mondariz zt 1.1"]
[Site "Mondariz"]
[Date "2000.09.13"]
[Round "10"]
[White "Bauer, Christian"]
[Black "Van Wely, Loek"]
[Result "0-1"]
[WhiteElo "2562"]
[BlackElo "2643"]
[EventDate "2000.09.03"]
[PlyCount "78"]

1.c4 Nf6 2.g3 c6 3.Nf3 d5 4.b3 Bf5 5.Bg2 e6 6.O-O Nbd7 7.Bb2 h6 8.d3 Bc5 
9.Na3 O-O 10.Nc2 Qe7 11.Qd2 dxc4 12.bxc4 e5 13.Ne3 Bh7 14.Rad1 Rad8 15.Nh4
Qe6 16.Kh1 Rfe8 17.Nf3 a6 18.Ne1 Bd4 19.Ba3 Ba7 20.N1c2 Nc5 21.Qa5 Nfd7 
22.Bb2 Bb6 23.Qa3 Nf6 24.Ba1 h5 25.h3 Ba7 26.Qb4 Qc8 27.f4 exf4 28.Bxf6 
gxf6 29.Rxf4 Nxd3 30.exd3 Bxe3 31.Nxe3 Rxe3 32.Qc5 Rxg3 33.Qxh5 Qe6 34.
Rdf1 Rdxd3 35.Rh4 Rg7 36.Qh6 Qe2 37.Rg1 Qf2 38.Rf4 Qg3 39.Rxf6 Be4 0-1

[Event "Mondariz zt 1.1"]
[Site "Mondariz"]
[Date "2000.09.13"]
[Round "10"]
[White "Comas Fabrego, Luis"]
[Black "Godena, Michele"]
[Result "1/2-1/2"]
[WhiteElo "2516"]
[BlackElo "2485"]
[EventDate "2000.09.03"]
[PlyCount "81"]

1.c4 e6 2.d4 d5 3.Nc3 c6 4.e4 Bb4 5.Bd2 dxc4 6.Bxc4 Qxd4 7.Qe2 b5 8.Bb3 
Nd7 9.Nf3 Qb6 10.O-O Ngf6 11.e5 Bxc3 12.bxc3 Nd5 13.c4 bxc4 14.Bxc4 a5 15.
Rab1 Qa7 16.Qe4 Ba6 17.Bxa6 Qxa6 18.Qg4 Kf8 19.Rfc1 h6 20.h4 g6 21.Nd4 c5 
22.Nb5 a4 23.h5 g5 24.f4 Rb8 25.fxg5 hxg5 26.Nd6 Rxb1 27.Rxb1 Qd3 28.Rf1 
Nf4 29.Bxf4 Qd4+ 30.Kh1 gxf4 31.Nxf7 Nxe5 32.Nxe5 Qxe5 33.Qxf4+ Qxf4 34.
Rxf4+ Kg7 35.g4 Rc8 36.Rc4 Kf6 37.Kg2 Kg5 38.Kf3 a3 39.Ke3 Rb8 40.Rxc5+ 
Kxg4 41.Ra5 1/2-1/2

[Event "Mondariz zt 1.1"]
[Site "Mondariz"]
[Date "2000.09.13"]
[Round "10"]
[White "Conquest, Stuart"]
[Black "De la Riva Aguado, Oscar"]
[Result "0-1"]
[WhiteElo "2529"]
[BlackElo "2462"]
[EventDate "2000.09.03"]
[PlyCount "62"]

1.d4 f5 2.Nf3 Nf6 3.g3 g6 4.Bg2 Bg7 5.O-O O-O 6.b4 d6 7.Bb2 c6 8.a4 Kh8 9.
c4 Be6 10.Nbd2 Bg8 11.Ra3 Nbd7 12.Qa1 e5 13.dxe5 dxe5 14.e4 fxe4 15.Ng5 e3
16.fxe3 Qe7 17.b5 Rad8 18.Ngf3 Rfe8 19.Kh1 Nc5 20.bxc6 bxc6 21.Nxe5 Rxd2 
22.Nxc6 Qd6 23.Bxf6 Bxf6 24.Qxf6+ Qxf6 25.Rxf6 Bxc4 26.h4 Ne4 27.Bxe4 Rxe4
28.Nd4 Bd5 29.Kg1 Rg4 30.Kf1 Rxg3 31.Ke1 Rxd4 0-1

[Event "Mondariz zt 1.1"]
[Site "Mondariz"]
[Date "2000.09.13"]
[Round "10"]
[White "Emms, John M"]
[Black "Degraeve, Jean Marc"]
[Result "1-0"]
[WhiteElo "2527"]
[BlackElo "2540"]
[EventDate "2000.09.03"]
[PlyCount "111"]

1.e4 c5 2.Nf3 Nc6 3.d4 cxd4 4.Nxd4 Nf6 5.Nc3 d6 6.Bc4 e6 7.O-O a6 8.Nxc6 
bxc6 9.Qe2 d5 10.Bd3 Be7 11.e5 Nd7 12.Na4 Qc7 13.f4 Nb6 14.Nxb6 Qxb6+ 15.
Kh1 a5 16.b3 Ba6 17.Be3 Bxd3 18.Qxd3 Qa6 19.c4 c5 20.f5 d4 21.f6 gxf6 22.
exf6 Bf8 23.Bd2 Qc6 24.Rf2 h6 25.Qg3 Kd7 26.Re1 h5 27.a4 h4 28.Qh3 Bd6 29.
Kg1 Rag8 30.Bf4 Bxf4 31.Rxf4 Rh6 32.Re2 Rhg6 33.Ref2 Kc7 34.Rxh4 d3 35.Rh7
Qe4 36.Rxf7+ Kb6 37.g3 Rd8 38.Re7 Rg4 39.f7 d2 40.Rxd2 Rxd2 41.f8=Q Qe3+ 
42.Kh1 Rd1+ 43.Qhf1 Rxf1+ 44.Qxf1 Rd4 45.Rf7 Qxb3 46.Qe2 Qxc4 47.Qxc4 Rxc4
48.h4 Rxa4 49.h5 Rg4 50.Kg2 a4 51.Kh3 Rg8 52.g4 c4 53.Rf1 c3 54.Rc1 Rc8 
55.h6 a3 56.g5 1-0

[Event "Mondariz zt 1.1"]
[Site "Mondariz"]
[Date "2000.09.13"]
[Round "10"]
[White "Hauchard, Arnaud"]
[Black "Fressinet, Laurent"]
[Result "1/2-1/2"]
[WhiteElo "2539"]
[BlackElo "2536"]
[EventDate "2000.09.03"]
[PlyCount "82"]

1.c4 e5 2.g3 Nc6 3.Bg2 f5 4.e3 d5 5.cxd5 Nb4 6.d3 Nf6 7.a3 Nbxd5 8.Ne2 Bd6
9.O-O c6 10.Nbc3 O-O 11.Qb3 Kh8 12.Bd2 Nxc3 13.bxc3 Qe8 14.c4 Qh5 15.Rae1 
e4 16.d4 b6 17.a4 Be6 18.Bb4 c5 19.Ba3 Rad8 20.d5 Bd7 21.Nf4 Qe8 22.a5 b5 
23.cxb5 Bxb5 24.Ne6 Rb8 25.Qa2 Rf7 26.Bb2 Bxf1 27.Bxf1 Qc8 28.Bc4 h6 29.
Bc3 Qd7 30.Qa1 Qb7 31.Rd1 Ne8 32.h4 Kh7 33.Kg2 Qe7 34.Qa2 Qd7 35.Rh1 Kg8 
36.Qe2 Nf6 37.Qa2 Ng4 38.Qa1 Qe7 39.Re1 Qd7 40.Re2 Kh7 41.Re1 Qe7 1/2-1/2

[Event "Mondariz zt 1.1"]
[Site "Mondariz"]
[Date "2000.09.13"]
[Round "10"]
[White "Hodgson, Julian M"]
[Black "Reinaldo Castineira, Roi"]
[Result "1-0"]
[WhiteElo "2640"]
[BlackElo "2416"]
[EventDate "2000.09.03"]
[PlyCount "69"]

1.c4 Nf6 2.Nc3 g6 3.g3 Bg7 4.Bg2 O-O 5.d3 c5 6.Rb1 Nc6 7.a3 e6 8.Nh3 h6 9.
Nf4 g5 10.Nh3 d5 11.f4 g4 12.Nf2 d4 13.Bxc6 bxc6 14.Na4 Re8 15.Nxc5 e5 16.
O-O Nh5 17.f5 Bxf5 18.e4 dxe3 19.Bxe3 Qd6 20.Nxg4 Qg6 21.Rxf5 Qxf5 22.Bxh6
Qg6 23.Bxg7 Kxg7 24.Ne3 f5 25.Ng2 Rh8 26.Qf3 Qd6 27.b4 Raf8 28.Re1 Rh6 29.
Qe3 f4 30.Qxe5+ Qxe5 31.Rxe5 f3 32.Nh4 Kh8 33.Ng6+ Rxg6 34.Rxh5+ Kg8 35.
Kf2 1-0

[Event "Mondariz zt 1.1"]
[Site "Mondariz"]
[Date "2000.09.13"]
[Round "10"]
[White "Jonkman, Harmen"]
[Black "San Segundo Carrillo, Pablo"]
[Result "0-1"]
[WhiteElo "2424"]
[BlackElo "2500"]
[EventDate "2000.09.03"]
[PlyCount "120"]

1.e4 e6 2.d4 d5 3.e5 c5 4.c3 Qb6 5.Nf3 Nc6 6.a3 Nh6 7.b4 cxd4 8.cxd4 Nf5 
9.Be3 f6 10.exf6 gxf6 11.Bd3 Nxe3 12.fxe3 Bh6 13.Qe2 Bd7 14.Nc3 Ne7 15.Ne5
fxe5 16.Qh5+ Kd8 17.Qxh6 Rc8 18.Rc1 exd4 19.Qf6 Rg8 20.exd4 Rg4 21.Rf1 
Qxd4 22.Qxd4 Rxd4 23.Rf8+ Be8 24.Bb5 Nc6 25.g3 a6 26.Ne2 Re4 27.Bd3 Re5 
28.Kf1 Re3 29.Nf4 e5 30.Bf5 exf4 31.Bxc8 Kxc8 32.a4 Kd8 33.b5 axb5 34.axb5
Ne5 35.gxf4 Nd3 36.Rb1 Ke7 37.Rh8 Bg6 38.Rb8 Nc5 39.Rc1 Kd6 40.Rf8 Nd7 41.
Rh8 Rf3+ 42.Kg2 Rxf4 43.Kg3 Rb4 44.h4 Rxb5 45.h5 Be4 46.Kf4 Rb3 47.Rf1 Rb1
48.Rf2 Rb3 49.Rf1 Ra3 50.Re8 b5 51.h6 b4 52.Rd1 Rf3+ 53.Kg5 Rf5+ 54.Kh4 
Re5 55.Ra8 Re6 56.Ra6+ Ke5 57.Rxe6+ Kxe6 58.Rd4 b3 59.Rb4 Bc2 60.Kg5 Nc5 
0-1

[Event "Mondariz zt 1.1"]
[Site "Mondariz"]
[Date "2000.09.13"]
[Round "10"]
[White "Tiviakov, Sergei"]
[Black "Arlandi, Ennio"]
[Result "1-0"]
[WhiteElo "2608"]
[BlackElo "2437"]
[EventDate "2000.09.03"]
[PlyCount "113"]

1.e4 c5 2.Nc3 d6 3.f4 Nc6 4.Nf3 g6 5.Bb5 Bg7 6.Bxc6+ bxc6 7.d3 Nf6 8.O-O 
O-O 9.Qe1 Ne8 10.Kh1 f5 11.e5 Nc7 12.Na4 Ne6 13.Be3 Bd7 14.Qf2 h6 15.Rae1 
Qe8 16.Bd2 Qf7 17.b3 Rae8 18.Re2 Rd8 19.Rfe1 Rfe8 20.Nb2 Bf8 21.Nc4 Qg7 
22.Qg3 Qf7 23.Bc3 Bg7 24.Ba5 d5 25.Bxd8 Rxd8 26.Nb2 Rb8 27.c3 Bc8 28.Rd2 
Ba6 29.Qf2 Nxf4 30.Qxc5 e6 31.Qxc6 Bb7 32.Qc5 d4 33.Qxd4 g5 34.Rf1 Qc7 35.
Nc4 Rd8 36.Qe3 Nd5 37.Qe1 Nxc3 38.Nd6 Rxd6 39.exd6 Qxd6 40.Qe3 g4 41.Ne1 
Nb5 42.Nc2 Kh7 43.d4 Be4 44.a4 Nc7 45.Qf4 Qb6 46.Ne3 Qxb3 47.Nxf5 exf5 48.
Qxc7 h5 49.Qg3 Qc4 50.Qf2 Bh6 51.Re2 Bd3 52.Re7+ Kg6 53.Rfe1 Bg5 54.R1e6+ 
Bf6 55.Qf4 h4 56.Rxf6+ Kxf6 57.Qe5+ 1-0

[Event "Mondariz zt 1.1"]
[Site "Mondariz"]
[Date "2000.09.13"]
[Round "10"]
[White "Van den Doel, Erik"]
[Black "Narciso Dublan, Marc"]
[Result "1-0"]
[WhiteElo "2547"]
[BlackElo "2507"]
[EventDate "2000.09.03"]
[PlyCount "79"]

1.e4 e5 2.Nf3 Nc6 3.Bb5 Nf6 4.O-O Nxe4 5.d4 Nd6 6.Bxc6 dxc6 7.dxe5 Nf5 8.
Qxd8+ Kxd8 9.Nc3 h6 10.h3 Bd7 11.b3 Kc8 12.Bb2 Ne7 13.Rad1 Ng6 14.Ne2 a5 
15.a4 b6 16.Rd2 Bb4 17.c3 Be7 18.Rfd1 Rd8 19.c4 c5 20.e6 Bxe6 21.Rxd8+ 
Bxd8 22.Bxg7 h5 23.Bh6 Kb7 24.Ng5 Bxg5 25.Bxg5 Rg8 26.h4 Bg4 27.Rd2 Ne5 
28.Ng3 Re8 29.Bf6 Nd7 30.Bb2 Re1+ 31.Kh2 Rd1 32.Rc2 c6 33.f3 Be6 34.Nxh5 
b5 35.Ng7 bxa4 36.bxa4 Nb6 37.Nxe6 fxe6 38.h5 Rd7 39.h6 e5 40.Bxe5 1-0

[Event "Mondariz zt 1.1"]
[Site "Mondariz"]
[Date "2000.09.14"]
[Round "11"]
[White "Fressinet, Laurent"]
[Black "Van den Doel, Erik"]
[Result "1/2-1/2"]
[WhiteElo "2536"]
[BlackElo "2547"]
[EventDate "2000.09.03"]
[PlyCount "103"]

1.e4 e5 2.Nf3 Nc6 3.Bb5 a6 4.Bxc6 dxc6 5.O-O Qd6 6.Na3 Be6 7.Qe2 f6 8.Rd1 
Bg4 9.d4 exd4 10.c3 O-O-O 11.Rxd4 Qe7 12.Rxd8+ Qxd8 13.Nc4 Qe8 14.Bf4 Qe6 
15.Rd1 Bc5 16.h3 Bxf3 17.Qxf3 Ne7 18.Qg4 Qxg4 19.hxg4 Ng6 20.Be3 Be7 21.f3
Rd8 22.Rxd8+ Kxd8 23.Kf2 Kd7 24.f4 b5 25.Nd2 c5 26.Nf3 Bd6 27.g3 h6 28.Nh4
Nh8 29.Kf3 Nf7 30.Ng6 c4 31.Bd4 c5 32.Bf2 Kc6 33.Nh4 Bf8 34.Nf5 Kd7 35.Ne3
Kc6 36.Nd5 Bd6 37.Be3 Bf8 38.Bd2 Bd6 39.Ne3 Bf8 40.Nf5 Kd7 41.Be3 Kc6 42.
Kg2 Kd7 43.Kf3 Kc6 44.Bf2 Nd6 45.Nxd6 Bxd6 46.Be3 g5 47.Kg2 Be7 48.Kf3 Bd8
49.e5 Kd5 50.exf6 Bxf6 51.Bd2 a5 52.a3 1/2-1/2

[Event "Mondariz zt 1.1"]
[Site "Mondariz"]
[Date "2000.09.14"]
[Round "11"]
[White "Godena, Michele"]
[Black "Dorfman, Josif D"]
[Result "1/2-1/2"]
[WhiteElo "2485"]
[BlackElo "2600"]
[EventDate "2000.09.03"]
[PlyCount "80"]

1.e4 c5 2.Nf3 g6 3.Bc4 Bg7 4.c3 e6 5.Bb3 d5 6.exd5 exd5 7.d4 cxd4 8.O-O 
Ne7 9.Nxd4 Nbc6 10.Re1 h6 11.Nd2 O-O 12.N2f3 Bg4 13.Be3 Nxd4 14.Bxd4 Bxd4 
15.Qxd4 Bxf3 16.gxf3 Nf5 17.Qxd5 Qb6 18.Rad1 Rac8 19.Qe4 Rc7 20.Qf4 Rc6 
21.Rd7 a5 22.Bd5 Qxb2 23.Bxc6 bxc6 24.Qd2 Qb8 25.Rd1 Qe5 26.Rd8 Rxd8 27.
Qxd8+ Kg7 28.Qd3 c5 29.Qc4 Qe7 30.Qe4 Qf6 31.f4 Nh4 32.Kf1 Qa6+ 33.c4 Qc8 
34.Qe5+ Kh7 35.Qf6 Qb7 36.Rd8 Qb1+ 37.Ke2 Qxa2+ 38.Kd1 Qb3+ 39.Kc1 Qxc4+ 
40.Kb2 Qb4+ 1/2-1/2

[Event "Mondariz zt 1.1"]
[Site "Mondariz"]
[Date "2000.09.14"]
[Round "11"]
[White "Grant, Jonathan"]
[Black "Bellini, Fabio"]
[Result "0-1"]
[WhiteElo "2208"]
[BlackElo "2484"]
[EventDate "2000.09.03"]
[PlyCount "88"]

1.c4 e5 2.Nc3 Nc6 3.g3 f5 4.Bg2 Nf6 5.d3 Bb4 6.e3 Bxc3+ 7.bxc3 O-O 8.c5 e4
9.d4 b6 10.Ba3 bxc5 11.Bxc5 d6 12.Qa4 Bd7 13.Ba3 Qe8 14.Qc2 Qc8 15.c4 Qa6 
16.Qc3 Rfb8 17.Nh3 Na5 18.Rc1 Nb3 19.axb3 Qxa3 20.Rb1 Ba4 21.Qa5 Qb4+ 22.
Qxb4 Rxb4 23.Kd2 Rab8 24.Ra1 Bxb3 25.Rxa7 Bxc4 26.Rc1 Nd5 27.Ke1 Rb1 28.
Ra1 Rxa1 29.Rxa1 Nb4 30.Ra7 Nd3+ 31.Kd2 d5 32.Rxc7 Nxf2 33.Nxf2 Rb2+ 34.
Ke1 Re2+ 35.Kf1 Rxe3+ 36.Rxc4 dxc4 37.Nd1 Rd3 38.Ke2 c3 39.Ne3 g5 40.Nxf5 
Rd2+ 41.Ke1 Rxg2 42.Kd1 Rxh2 43.d5 Rf2 44.g4 h5 0-1

[Event "Mondariz zt 1.1"]
[Site "Mondariz"]
[Date "2000.09.14"]
[Round "11"]
[White "Narciso Dublan, Marc"]
[Black "Ryan, Joseph"]
[Result "1-0"]
[WhiteElo "2507"]
[BlackElo "2291"]
[EventDate "2000.09.03"]
[PlyCount "121"]

1.d4 e6 2.c4 b6 3.e4 Bb7 4.Bd3 Nc6 5.Ne2 Nb4 6.O-O Nxd3 7.Qxd3 g6 8.Nbc3 
Bg7 9.d5 Ne7 10.Bg5 d6 11.b4 Qd7 12.Rac1 O-O 13.Rfd1 a5 14.a3 axb4 15.axb4
e5 16.Ra1 h6 17.Be3 f5 18.f3 fxe4 19.fxe4 Rfd8 20.Qd2 Kh7 21.Qb2 Rxa1 22.
Rxa1 c5 23.Nc1 Rb8 24.Nd3 Ra8 25.Rf1 Ba6 26.Qb3 Qc7 27.bxc5 bxc5 28.h3 Ng8
29.Rb1 Bf6 30.Kh2 Bd8 31.Nb5 Bxb5 32.Qxb5 Nf6 33.Nf2 Ra2 34.Qb3 Ra7 35.Qd3
Rb7 36.Rf1 Qb8 37.Qe2 Rf7 38.Kg1 h5 39.Qd3 Be7 40.Rb1 Qg8 41.Bd2 Qc8 42.
Qe3 Bf8 43.Nd3 Ng8 44.Ne1 Rb7 45.Rd1 Bh6 46.Qd3 g5 47.Nc2 g4 48.h4 Rf7 49.
Be1 Ne7 50.Ne3 Qg8 51.Rb1 Bxe3+ 52.Qxe3 Qg6 53.Rb6 Ng8 54.Bg3 Qf6 55.Kh2 
Rg7 56.Qa3 Rd7 57.Qa8 Rd8 58.Qa7+ Kg6 59.Rb7 Nh6 60.Re7 Ra8 61.Qd7 1-0

[Event "Mondariz zt 1.1"]
[Site "Mondariz"]
[Date "2000.09.14"]
[Round "11"]
[White "Nijboer, Friso"]
[Black "Hauchard, Arnaud"]
[Result "1/2-1/2"]
[WhiteElo "2537"]
[BlackElo "2539"]
[EventDate "2000.09.03"]
[PlyCount "180"]

1.e4 c5 2.Nf3 e6 3.d4 cxd4 4.Nxd4 a6 5.Bd3 Nc6 6.Nxc6 dxc6 7.Nd2 e5 8.Nc4 
Nf6 9.Bd2 Bd6 10.Nxd6+ Qxd6 11.Qe2 O-O 12.O-O Be6 13.Rfd1 Nd7 14.a4 Qc7 
15.a5 Nc5 16.Be3 Nxd3 17.cxd3 Rfe8 18.f3 Qe7 19.Qc2 Rad8 20.Qc3 f6 21.Rd2 
Rd7 22.Bb6 Qf7 23.Rf1 Qh5 24.Rdf2 Bf7 25.b4 Qg5 26.Re1 Qh5 27.Re3 Qg5 28.
Qe1 Be6 29.Kh1 Bf7 30.Rc2 Be6 31.Rd2 Bf7 32.Ree2 Be6 33.Rf2 Qh5 34.Kg1 Qg5
35.Qd1 Qh5 36.Qc1 Qg5 37.Qc2 Qh5 38.Qc3 Qf7 39.Rb2 Qh5 40.Rbd2 Qf7 41.Bc5 
Qh5 42.Be3 Qf7 43.g4 Bb3 44.Bc5 Ba4 45.Bb6 Qb3 46.Qxb3+ Bxb3 47.Kf1 Be6 
48.Ke2 Kf7 49.Rg2 h6 50.Ke3 Rh8 51.h4 g6 52.d4 exd4+ 53.Rxd4 Re8 54.Rxd7+ 
Bxd7 55.Kd4 Re5 56.Bc7 c5+ 57.bxc5 Re8 58.Bd6 Bc6 59.Ke3 h5 60.Kf4 hxg4 
61.Kxg4 Rh8 62.Re2 Re8 63.Rd2 Rd8 64.Rd4 Re8 65.Bf4 Re7 66.Bd6 Re8 67.Rd1 
Rd8 68.Re1 Re8 69.e5 Bd7+ 70.Kf4 Bc6 71.Rd1 Re6 72.Rd3 Bb5 73.Re3 Bc6 74.
Kg4 Re8 75.Kg3 Ke6 76.exf6+ Kxf6 77.Rd3 Re2 78.Bc7 Rc2 79.Bd8+ Kf7 80.Bb6 
Rc4 81.Re3 Kf6 82.Bd8+ Kf7 83.Re7+ Kg8 84.Bb6 Rc3 85.Kf4 Rxf3+ 86.Kg5 Rf7 
87.Re6 Kh7 88.Rxg6 Rg7 89.h5 Rxg6+ 90.hxg6+ Kg8 1/2-1/2

[Event "Mondariz zt 1.1"]
[Site "Mondariz"]
[Date "2000.09.14"]
[Round "11"]
[White "Reinaldo Castineira, Roi"]
[Black "McMahon, Daire"]
[Result "1-0"]
[WhiteElo "2416"]
[BlackElo "2246"]
[EventDate "2000.09.03"]
[PlyCount "51"]

1.e4 e5 2.Nf3 Nc6 3.d4 exd4 4.Nxd4 Bc5 5.Nxc6 Qf6 6.Qd2 dxc6 7.Nc3 Ne7 8.
Qf4 Qe6 9.Qg5 Bd4 10.Bd3 O-O 11.Be3 h6 12.Qg3 Be5 13.f4 Bxc3+ 14.bxc3 Re8 
15.Kf2 Qg6 16.f5 Qxg3+ 17.hxg3 Bd7 18.Bf4 Rac8 19.g4 c5 20.g5 hxg5 21.Bxg5
Nc6 22.Rh4 Ne5 23.Rah1 f6 24.Bxf6 b5 25.Bxe5 Rxe5 26.Bxb5 1-0

[Event "Mondariz zt 1.1"]
[Site "Mondariz"]
[Date "2000.09.14"]
[Round "11"]
[White "San Segundo Carrillo, Pablo"]
[Black "Galego, Luis"]
[Result "1-0"]
[WhiteElo "2500"]
[BlackElo "2419"]
[EventDate "2000.09.03"]
[PlyCount "119"]

1.d4 Nf6 2.Nf3 e6 3.c4 Bb4+ 4.Bd2 Qe7 5.g3 O-O 6.Bg2 Bxd2+ 7.Qxd2 d6 8.Nc3
e5 9.O-O Re8 10.h3 e4 11.Ne1 c6 12.d5 c5 13.Nc2 Nbd7 14.Ne3 Nf8 15.a3 h5 
16.h4 N8h7 17.Rae1 Qe5 18.Nb5 Re7 19.Qc3 Qxc3 20.Nxc3 Bd7 21.b4 Rc8 22.Rc1
a6 23.Rc2 g5 24.Rb1 cxb4 25.Rxb4 b5 26.cxb5 axb5 27.Nxe4 Rxc2 28.Nxc2 gxh4
29.gxh4 Nxd5 30.Rd4 Nf4 31.Bf1 Nh3+ 32.Bxh3 Bxh3 33.Ne3 Ra7 34.Rd3 Be6 35.
Nxd6 Ra4 36.Nxb5 Rxh4 37.Rd4 Rxd4 38.Nxd4 Bd7 39.Nd5 Kf8 40.Nb6 Ke7 41.
Nxd7 Kxd7 42.Kg2 Nf6 43.f3 Kd6 44.Kg3 Ke5 45.Nc6+ Kd5 46.Nd8 Kd4 47.Kf2 h4
48.Nxf7 h3 49.Nh6 Kc3 50.Ng4 Nh5 51.e3 Kb3 52.Kg1 Kxa3 53.Kh2 Kb4 54.Kxh3 
Kc5 55.Kh4 Ng7 56.Kg5 Kd5 57.e4+ Kd4 58.Kg6 Ne6 59.Kf6 Nf4 60.Kf5 1-0

[Event "Reykjavik zt 1.3"]
[Site "Reykjavik"]
[Date "2000.09.05"]
[Round "1.1"]
[White "Agdestein, Simen"]
[Black "Olafsson, Helgi"]
[Result "1-0"]
[WhiteElo "2590"]
[BlackElo "2478"]
[EventDate "2000.09.05"]
[PlyCount "87"]

1.d4 d5 2.Bg5 c6 3.Nf3 h6 4.Bh4 Qb6 5.b3 Bf5 6.e3 e6 7.Bd3 Bxd3 8.Qxd3 Be7
9.Bxe7 Nxe7 10.c4 O-O 11.Nc3 Nd7 12.O-O Rad8 13.Rfd1 dxc4 14.bxc4 e5 15.a4
exd4 16.exd4 Ng6 17.Ne4 Qa6 18.Qb3 b6 19.a5 bxa5 20.c5 Nf4 21.Nd6 Rb8 22.
Qa3 a4 23.Re1 Nd3 24.Re3 Nb4 25.Rc3 Nf6 26.Rc4 Nfd5 27.Ne5 f6 28.Nd7 Rfd8 
29.Nxb8 Rxb8 30.h4 Qa5 31.Qxa4 Qxa4 32.Rxa4 Nd3 33.Rc2 Rb1+ 34.Kh2 Rf1 35.
Ne4 Re1 36.Ng3 g6 37.Rxa7 f5 38.Rd2 N5b4 39.Ra3 f4 40.Nh1 Nc1 41.Rb2 Ncd3 
42.Rbb3 Rd1 43.Ra4 Nd5 44.Rb7 1-0

[Event "Reykjavik zt 1.3"]
[Site "Reykjavik"]
[Date "2000.09.05"]
[Round "1.1"]
[White "Hansen, Curt"]
[Black "Brynell, Stellan"]
[Result "1-0"]
[WhiteElo "2613"]
[BlackElo "2484"]
[EventDate "2000.09.05"]
[PlyCount "81"]

1.e4 e6 2.d4 d5 3.Nd2 c5 4.Ngf3 Nf6 5.exd5 exd5 6.Bb5+ Bd7 7.Bxd7+ Nbxd7 
8.O-O Be7 9.dxc5 Nxc5 10.Nb3 Nce4 11.Nfd4 Qd7 12.f3 Nd6 13.Nc5 Qc8 14.Nd3 
O-O 15.b3 Nf5 16.Nxf5 Qxf5 17.Be3 Rfe8 18.Qd2 a6 19.Rae1 Rac8 20.Rf2 Bd6 
21.Rfe2 Nd7 22.a4 h6 23.Bf2 Rxe2 24.Rxe2 Nf8 25.Bg3 Bxg3 26.hxg3 Qg6 27.
Qb4 Qc6 28.Nf4 Ne6 29.Nxe6 fxe6 30.Qg4 Re8 31.Qh5 Qd7 32.Qe5 Qf7 33.f4 Rc8
34.g4 Rc6 35.f5 exf5 36.gxf5 Rf6 37.Qb8+ Kh7 38.g4 h5 39.Re8 Kh6 40.g5+ 
Kxg5 41.Qg3+ 1-0

[Event "Reykjavik zt 1.3"]
[Site "Reykjavik"]
[Date "2000.09.05"]
[Round "1.1"]
[White "Hansen, Sune Berg"]
[Black "Yrjola, Jouni"]
[Result "1/2-1/2"]
[WhiteElo "2545"]
[BlackElo "2442"]
[EventDate "2000.09.05"]
[PlyCount "67"]

1.e4 d6 2.d4 Nf6 3.Nc3 g6 4.Be3 c6 5.Nf3 Bg7 6.Qd2 b5 7.Bd3 Bg4 8.e5 b4 9.
Ne2 Nd5 10.Bh6 O-O 11.h4 dxe5 12.Bxg7 Kxg7 13.h5 Bxf3 14.gxf3 Nd7 15.hxg6 
hxg6 16.Qh6+ Kf6 17.Rg1 Ke6 18.O-O-O Kd6 19.dxe5+ Kc7 20.e6 fxe6 21.Nd4 
Rf6 22.Rxg6 Nc5 23.Be4 Qh8 24.Rxf6 Qxf6 25.Qd2 Rb8 26.Qe2 Rb6 27.Qc4 Nb7 
28.Kb1 Nd6 29.Qe2 Nb5 30.Nxb5+ Rxb5 31.Re1 Kd6 32.Rd1 Kc7 33.Re1 Kd6 34.
Rd1 1/2-1/2

[Event "Reykjavik zt 1.3"]
[Site "Reykjavik"]
[Date "2000.09.05"]
[Round "1.1"]
[White "Holmsten, Aleksei"]
[Black "Schandorff, Lars"]
[Result "0-1"]
[WhiteElo "2383"]
[BlackElo "2520"]
[EventDate "2000.09.05"]
[PlyCount "76"]

1.e4 c5 2.Nf3 d6 3.d4 cxd4 4.Nxd4 Nf6 5.Nc3 a6 6.f4 Qc7 7.Be2 g6 8.Be3 Bg7
9.Qd2 Nbd7 10.O-O O-O 11.a4 b6 12.Bf3 Bb7 13.Qf2 e5 14.Nde2 Rfe8 15.fxe5 
dxe5 16.Qh4 b5 17.axb5 axb5 18.Nxb5 Qxc2 19.Rad1 Ba6 20.Rd2 Qb3 21.Nbc3 
Nb6 22.Nc1 Qe6 23.Be2 Nc4 24.Bxc4 Bxc4 25.Rfd1 Qg4 26.Bg5 Qxh4 27.Bxh4 Ng4
28.Bf2 Bh6 29.Rd6 Reb8 30.Bc5 Ne3 31.Re1 Nc2 32.Red1 Nd4 33.b4 Ra3 34.Bxd4
exd4 35.N3e2 Be3+ 36.Kh1 Ra1 37.R6xd4 Bxe2 38.Nxe2 Bxd4 0-1

[Event "Reykjavik zt 1.3"]
[Site "Reykjavik"]
[Date "2000.09.05"]
[Round "1.1"]
[White "Petursson, Margeir"]
[Black "Johannessen, Leif Erlend"]
[Result "1/2-1/2"]
[WhiteElo "2544"]
[BlackElo "2422"]
[EventDate "2000.09.05"]
[PlyCount "86"]

1.c4 e5 2.Nc3 Nf6 3.Nf3 Nc6 4.g3 d5 5.cxd5 Nxd5 6.Bg2 Nb6 7.O-O Be7 8.d3 
O-O 9.Be3 Be6 10.Rc1 Nd5 11.Bd2 Nxc3 12.Bxc3 f6 13.Qa4 Qd7 14.Rfd1 Rfd8 
15.Nd2 Bd5 16.Bxd5+ Qxd5 17.Qc4 Qxc4 18.Nxc4 Rd7 19.Kg2 Rad8 20.Rd2 Bf8 
21.a3 g6 22.Rdc2 Bh6 23.Rb1 Ne7 24.b4 c6 25.a4 Nd5 26.Be1 Re8 27.b5 cxb5 
28.axb5 e4 29.dxe4 Rxe4 30.Na5 Kf7 31.Kf3 f5 32.Rd1 g5 33.h3 Ke6 34.Rd3 
g4+ 35.hxg4 fxg4+ 36.Kg2 Bg5 37.Nb3 Be7 38.Rc8 h5 39.Nd4+ Kf7 40.e3 Bf6 
41.Ne2 Ra4 42.Rc1 Ke6 43.Bd2 Be5 1/2-1/2

[Event "Reykjavik zt 1.3"]
[Site "Reykjavik"]
[Date "2000.09.05"]
[Round "1.1"]
[White "Salmensuu, Olli"]
[Black "Gretarsson, Helgi Ass"]
[Result "1-0"]
[WhiteElo "2458"]
[BlackElo "2563"]
[EventDate "2000.09.05"]
[PlyCount "51"]

1.e4 Nf6 2.e5 Nd5 3.d4 d6 4.c4 Nb6 5.exd6 exd6 6.Nc3 Be7 7.Be3 O-O 8.Nf3 
Bg4 9.h3 Bh5 10.g4 Bg6 11.h4 f5 12.d5 c5 13.h5 Be8 14.gxf5 Rxf5 15.Nd2 
N8d7 16.Bd3 Rf8 17.Qc2 h6 18.O-O-O Nf6 19.Rdg1 Kh8 20.Bf5 Nbd7 21.Be6 Nxh5
22.Qd1 Ndf6 23.Nde4 Nxe4 24.Nxe4 Bh4 25.Qg4 g5 26.Rxh4 1-0

[Event "Reykjavik zt 1.3"]
[Site "Reykjavik"]
[Date "2000.09.05"]
[Round "1.1"]
[White "Stefansson, Hannes"]
[Black "Berg, Emanuel"]
[Result "1/2-1/2"]
[WhiteElo "2557"]
[BlackElo "2456"]
[EventDate "2000.09.05"]
[PlyCount "39"]

1.d4 e6 2.c4 Nf6 3.Nc3 Bb4 4.Qc2 c5 5.dxc5 Na6 6.Nf3 Nxc5 7.g3 Nfe4 8.Nd2 
Bxc3 9.bxc3 Nxd2 10.Qxd2 b6 11.Qd4 O-O 12.Bg2 Bb7 13.f3 d5 14.cxd5 e5 15.
Qe3 Qxd5 16.O-O Rfc8 17.Bd2 Na4 18.Bh3 Rc7 19.Rfc1 Ba6 20.Be1 1/2-1/2

[Event "Reykjavik zt 1.3"]
[Site "Reykjavik"]
[Date "2000.09.05"]
[Round "1.1"]
[White "Wedberg, Tom"]
[Black "Nielsen, Peter Heine"]
[Result "0-1"]
[WhiteElo "2473"]
[BlackElo "2578"]
[EventDate "2000.09.05"]
[PlyCount "52"]

1.e4 e6 2.d4 d5 3.Nc3 Nf6 4.Bg5 dxe4 5.Nxe4 Be7 6.Bxf6 Bxf6 7.Nf3 Nd7 8.
Qd2 O-O 9.O-O-O b6 10.Bc4 Bb7 11.Rhe1 Bd5 12.Qd3 c6 13.Bb3 b5 14.Bxd5 cxd5
15.Nxf6+ Nxf6 16.Qxb5 Rb8 17.Qa4 Ne4 18.Re2 Qb6 19.Qa3 Rfc8 20.Rd3 Qb5 21.
Nd2 Nd6 22.Re1 Qb6 23.g3 Rc6 24.Rb3 Nb5 25.Qa4 a6 26.Kb1 Rbc8 0-1

[Event "Reykjavik zt 1.3"]
[Site "Reykjavik"]
[Date "2000.09.06"]
[Round "1.2"]
[White "Berg, Emanuel"]
[Black "Stefansson, Hannes"]
[Result "1/2-1/2"]
[WhiteElo "2456"]
[BlackElo "2557"]
[EventDate "2000.09.05"]
[PlyCount "180"]

1.e4 c5 2.Nf3 e6 3.d4 cxd4 4.Nxd4 a6 5.Bd3 Nf6 6.f4 b5 7.Qf3 Bb7 8.Be3 d6 
9.Nc3 Nbd7 10.g4 g6 11.g5 Nh5 12.O-O-O Bg7 13.Qg4 Nxf4 14.Bxb5 axb5 15.
Ndxb5 O-O 16.Bxf4 d5 17.exd5 exd5 18.Rhe1 Bc6 19.Nd4 Qb6 20.Nxc6 Qxc6 21.
Qf3 Bxc3 22.Qxc3 Qxc3 23.bxc3 Nb6 24.Kd2 f6 25.Rb1 Nc4+ 26.Kd3 fxg5 27.Bg3
Rf7 28.Rb5 Rc8 29.a4 h5 30.Rxd5 h4 31.Be5 Nb2+ 32.Kd2 Nc4+ 33.Kd3 Rf3+ 34.
Kd4 Nb6 35.Rc5 Rd8+ 36.Ke4 Rf5 37.Bc7 Rc8 38.Rxf5 gxf5+ 39.Kxf5 Rxc7 40.
Kxg5 Nxa4 41.Kxh4 Nxc3 42.Kg5 Kf7 43.Kf4 Kf6 44.Ra1 Rc4+ 45.Kf3 Nd5 46.Ra8
Kf5 47.Rf8+ Nf6 48.Ke3 Ke5 49.Kd3 Rd4+ 50.Ke2 Rh4 51.Kd3 Rxh2 52.Kc3 Nd5+ 
53.Kb3 Kd4 54.Rg8 Rh1 55.Kb2 Nb6 56.Rg4+ Kc5 57.Rg5+ Kb4 58.c3+ Kc4 59.
Rg4+ Kc5 60.Kb3 Rh3 61.Rf4 Nd5 62.Rc4+ Kb5 63.Rc8 Ne7 64.Rb8+ Kc5 65.Rf8 
Re3 66.Rh8 Rf3 67.Kc2 Nf5 68.Rc8+ Kd5 69.Rd8+ Nd6 70.Kb3 Rf1 71.Kc2 Kc5 
72.Rh8 Nc4 73.Rc8+ Kd5 74.Rd8+ Nd6 75.Kb3 Rf6 76.Rh8 Nf5 77.Rd8+ Ke4 78.
Re8+ Kd3 79.Rd8+ Ke2 80.c4 Ke3 81.c5 Ke4 82.Kc4 Ne3+ 83.Kb5 Nd5 84.c6 Rf5 
85.Ka6 Nb4+ 86.Kb6 Rf6 87.Kc5 Nxc6 88.Rd6 Ne5 89.Rxf6 Nd7+ 90.Kd6 Nxf6 
1/2-1/2